[Event "Titled Tuesday intern op 02nd Apr Late"]
[Site "Chess.com INT"]
[Date "2024.04.02"]
[Round "3"]
[White "Esmeraldas Huachi, Anderson Yahir"]
[Black "Rustemov, Alexander"]
[Result "0-1"]
[WhiteElo "2148"]
[BlackElo "2525"]
[PlyCount "104"]
[EventDate "2024.04.02"]
[EventType "swiss (blitz)"]
[EventRounds "11"]
[EventCountry "USA"]
[SourceTitle "CB15_2024"]
[SourceDate "2024.04.10"]
[SourceVersion "1"]
[SourceVersionDate "2024.04.10"]
[SourceQuality "1"]

1. d4 g6 2. e4 Bg7 3. Nf3 d6 4. Be2 Nf6 5. Nc3 0-0 6. 0-0 Bg4 7. h3 Bxf3 8. Bxf3 Nc6 9. e5 Nd7 10. exd6 exd6 11. d5 Nce5 12. Be2 f5 13. f4 Nf7 14. Be3 a6 15. a4 Re8 16. Bd4 Bxd4+ 17. Qxd4 Qf6 18. Qxf6 Nxf6 19. Bf3 Re7 20. Kf2 a5 21. Rfe1 Kf8 22. Rxe7 Kxe7 23. Re1+ Kd7 24. g4 fxg4 25. hxg4 Rf8 26. Kg3 g5 27. fxg5 Nxg5 28. Bg2 Nf7 29. Rf1 Ne5 30. g5 Nh5+ 31. Kh4 Rxf1 32. Bxf1 Nf4 33. Ne4 Nxd5 34. c4 Ne3 35. Bh3+ Ke7 36. b3 Ng6+ 37. Kg3 Nc2 38. Nf6 Nd4 39. Nxh7 Nxb3 40. Bf5 Ne5 41. g6 Nc5 42. g7 Kf7 43. Ng5+ Kxg7 44. Kf4 Kf6 45. Nh7+ Ke7 46. Ke3 Nxc4+ 47. Kd4 Nb6 48. Ng5 Nbxa4 49. Ne4 Nxe4 50. Bxe4 Nc5 51. Bd5 c6 52. Ba2 Kd7 0-1

[Event "Titled Tuesday intern op 12th Mar Late"]
[Site "Chess.com INT"]
[Date "2024.03.12"]
[Round "3"]
[White "Esmeraldas Huachi, Anderson Yahir"]
[Black "Dias, Simao Poscidonio"]
[Result "1-0"]
[WhiteElo "2148"]
[BlackElo "2068"]
[PlyCount "37"]
[EventDate "2024.03.12"]
[EventType "swiss (blitz)"]
[EventRounds "11"]
[EventCountry "USA"]
[SourceTitle "CB12_2024"]
[SourceDate "2023.10.01"]
[SourceVersion "1"]
[SourceVersionDate "2023.10.01"]
[SourceQuality "1"]

1. d4 Nf6 2. c4 e5 3. dxe5 Ng4 4. Nf3 Nc6 5. e3 Ncxe5 6. Be2 Nxf3+ 7. Bxf3 Ne5 8. Be2 Bb4+ 9. Nd2 0-0 10. 0-0 Bxd2 11. Bxd2 d6 12. Bc3 Be6 13. b3 Nd7 14. Qd4 Nf6 15. Rfd1 Re8 16. Bf3 Rb8 17. Qxa7 Bg4 18. Bxf6 Qxf6 19. Bxg4 1-0

[Event "Titled Tuesday intern op 27th Feb Late"]
[Site "Chess.com INT"]
[Date "2024.02.27"]
[Round "6"]
[White "Esmeraldas Huachi, Anderson Yahir"]
[Black "Wu, Derek"]
[Result "0-1"]
[WhiteElo "2148"]
[BlackElo "2295"]
[PlyCount "184"]
[EventDate "2024.02.27"]
[EventType "swiss (blitz)"]
[EventRounds "11"]
[EventCountry "USA"]
[SourceTitle "CB10_2024"]
[SourceDate "2024.03.06"]
[SourceVersion "1"]
[SourceVersionDate "2024.03.06"]
[SourceQuality "1"]

1. d4 d5 2. c4 e6 3. cxd5 exd5 4. Nc3 c6 5. Nf3 Bf5 6. Bg5 Be7 7. Bxe7 Nxe7 8. e3 0-0 9. Bd3 Nd7 10. 0-0 Re8 11. b4 a6 12. a4 b5 13. a5 Nf6 14. Rc1 Rc8 15. Ne5 Qd6 16. Na2 Bg6 17. Rc2 Rc7 18. Qe2 Rec8 19. Rfc1 Bxd3 20. Nxd3 Nd7 21. Re1 g6 22. Nac1 Nf5 23. Nb3 Qf8 24. Rec1 Nb8 25. Nbc5 Nd6 26. Qf3 Nc4 27. h4 h5 28. g3 Qe7 29. Qf4 Kg7 30. Ne5 Re8 31. Ned3 Ra7 32. Re2 Nd7 33. Rce1 Nxc5 34. Nxc5 Qf6 35. Qxf6+ Kxf6 36. e4 dxe4 37. Nxe4+ Kg7 38. Nc5 Rxe2 39. Rxe2 Kf8 40. Kg2 Nd6 41. d5 cxd5 42. Rd2 Ne4 43. Rxd5 Nxc5 44. Rxc5 Rd7 45. Rc6 Rd4 46. Rxa6 Rxb4 47. Rb6 Kg7 48. a6 Ra4 49. Kf3 Ra3+ 50. Kg2 b4 51. Rxb4 Rxa6 52. Rb7 Re6 53. Rb5 Rf6 54. Rb4 Ra6 55. g4 hxg4 56. Rxg4 Ra5 57. Rb4 Kh6 58. Kg3 Rf5 59. Rb8 Kg7 60. Rb7 Ra5 61. f3 Ra4 62. Rb1 Kh6 63. Rb7 f6 64. Rb8 Kg7 65. Rc8 Ra5 66. Rc7+ Kh6 67. Rb7 f5 68. Rf7 Ra4 69. Kh3 Rf4 70. Kg3 Ra4 71. Rf8 Kg7 72. Rb8 Ra7 73. Rb6 Kh6 74. Rd6 Ra4 75. Rd8 Ra1 76. Kg2 Ra2+ 77. Kg3 Ra1 78. Rh8+ Kg7 79. Rb8 Ra4 80. Rc8 Rb4 81. Ra8 Kh6 82. Rh8+ Kg7 83. Rd8 Rb1 84. Kf4 Rh1 85. Kg5 Rg1+ 86. Kf4 Rh1 87. Kg3 Rg1+ 88. Kh2 Ra1 89. Kg2 Ra2+ 90. Kg3 Ra1 91. Rd7+ Kf6 92. Ra7 Rxa7 0-1

[Event "Titled Tuesday intern op 13th Feb Early"]
[Site "Chess.com INT"]
[Date "2024.02.13"]
[Round "6"]
[White "Rose, Felix"]
[Black "Esmeraldas Huachi, Anderson Yahir"]
[Result "0-1"]
[WhiteElo "2091"]
[BlackElo "2148"]
[PlyCount "120"]
[EventDate "2024.02.13"]
[EventType "swiss (blitz)"]
[EventRounds "11"]
[EventCountry "USA"]
[SourceTitle "CB08_2024"]
[SourceDate "2024.02.21"]
[SourceVersion "1"]
[SourceVersionDate "2024.02.21"]
[SourceQuality "1"]

1. e4 c5 2. Nf3 d6 3. d4 cxd4 4. Nxd4 Nf6 5. Nc3 a6 6. f3 e5 7. Nb3 Be6 8. Be3 Be7 9. Qd2 0-0 10. 0-0-0 b5 11. g4 Nbd7 12. g5 Nh5 13. Kb1 Nb6 14. Nd5 Bxd5 15. exd5 Qc7 16. Na5 Nxd5 17. Qxd5 Qxa5 18. c4 Qc7 19. Rg1 g6 20. Rc1 b4 21. Bd3 Rab8 22. h4 Qb7 23. Be4 Qxd5 24. cxd5 Rfc8 25. Bd3 a5 26. Ba6 Rxc1+ 27. Rxc1 h6 28. Rc7 Bd8 29. Rd7 hxg5 30. hxg5 Bb6 31. Bd2 Bc5 32. b3 Ng3 33. Bd3 Ra8 34. a4 bxa3 35. Ka2 Bb4 36. Bc1 Rc8 37. Bxa3 Rc5 38. Bc4 Nf5 39. Bxb4 axb4 40. Rb7 Ne3 41. Rxb4 Nxd5 42. Rb8+ Kg7 43. Rd8 Nb4+ 44. Ka3 Nc2+ 45. Kb2 Ne3 46. Rxd6 Nxc4+ 47. bxc4 Rxc4 48. Rd5 Rf4 49. Rxe5 Rxf3 50. Kc2 Rf5 51. Rxf5 gxf5 52. Kd3 Kg6 53. Ke3 Kxg5 54. Kf3 f4 55. Kf2 Kg4 56. Kf1 f3 57. Kf2 Kf4 58. Kf1 Kg3 59. Kg1 f2+ 60. Kf1 f6 0-1

[Event "Titled Tuesday intern op 06th Feb Late"]
[Site "Chess.com INT"]
[Date "2024.02.06"]
[Round "2"]
[White "Ibarra Jerez, Jose Carlos"]
[Black "Esmeraldas Huachi, Anderson Yahir"]
[Result "1-0"]
[WhiteElo "2559"]
[BlackElo "2148"]
[PlyCount "105"]
[EventDate "2024.02.06"]
[EventType "swiss (blitz)"]
[EventRounds "11"]
[EventCountry "USA"]
[SourceTitle "CB07_2024"]
[SourceDate "2024.02.14"]
[SourceVersion "1"]
[SourceVersionDate "2024.02.14"]
[SourceQuality "1"]

1. e4 c5 2. Nf3 d6 3. c3 Nf6 4. h3 Nc6 5. Bd3 e6 6. Bc2 Be7 7. 0-0 0-0 8. d4 cxd4 9. cxd4 Nb4 10. Nc3 Nxc2 11. Qxc2 b6 12. Bg5 h6 13. Bh4 Ba6 14. Rfe1 d5 15. e5 Nh5 16. Bxe7 Qxe7 17. Rac1 Nf4 18. Re3 Rac8 19. Qa4 Be2 20. Re1 Bxf3 21. Rxf3 Rc4 22. Qd1 Ng6 23. a3 a6 24. g3 b5 25. h4 b4 26. Na4 bxa3 27. Rxa3 Qb4 28. Rd3 Qxa4 29. b3 Qb4 30. bxc4 dxc4 31. Qd2 Qb5 32. Ra3 Rd8 33. Qa5 Rxd4 34. Qxa6 Qd5 35. Qa8+ Kh7 36. Ra5 Qxa8 37. Rxa8 Rd5 38. f4 Ne7 39. Ra7 Nf5 40. Rxf7 Nxg3 41. Re7 Nf5 42. Rxe6 Nxh4 43. Kf2 Rd2+ 44. Re2 c3 45. Rxd2 cxd2 46. Rd6 d1Q 47. Rxd1 Kg6 48. Rg1+ Kf5 49. Rxg7 Ng6 50. Rf7+ Ke4 51. e6 Nxf4 52. Rxf4+ Kxf4 53. e7 1-0

[Event "Titled Tuesday intern op 16th Jan Late"]
[Site "Chess.com INT"]
[Date "2024.01.16"]
[Round "9"]
[White "Esmeraldas Huachi, Anderson Yahir"]
[Black "Rogov, Matfey"]
[Result "1-0"]
[WhiteElo "2153"]
[BlackElo "2200"]
[PlyCount "67"]
[EventDate "2024.01.16"]
[EventType "swiss (blitz)"]
[EventRounds "11"]
[EventCountry "USA"]
[SourceTitle "CB04_2024"]
[SourceDate "2023.10.16"]
[SourceVersion "1"]
[SourceVersionDate "2023.10.16"]
[SourceQuality "1"]

1. d4 a5 2. c4 e5 3. dxe5 Nc6 4. Nf3 a4 5. Nc3 d6 6. exd6 Bxd6 7. Nb5 Nf6 8. Nxd6+ cxd6 9. g3 a3 10. Bg2 Be6 11. b3 0-0 12. 0-0 d5 13. cxd5 Nxd5 14. e4 Ndb4 15. Qe2 Nd4 16. Nxd4 Qxd4 17. Be3 Qb2 18. Qxb2 axb2 19. Rab1 Rxa2 20. Bc5 Nc2 21. Rfd1 Bxb3 22. Bf1 Rc8 23. Rd3 h5 24. Rxb3 Rxc5 25. Rxb7 Nd4 26. R7xb2 Ra3 27. Kg2 Kh7 28. Rb7 Kg6 29. R1b6+ f6 30. Rd7 Nc2 31. Rbb7 Ra2 32. Rxg7+ Kh6 33. Rh7+ Kg5 34. Rbg7# 1-0